[Event "10th Chennai Open 2018"]
[Site "Chennai IND"]
[Date "2018.01.18"]
[Round "1.1"]
[White "Kumar, S."]
[Black "Gareyev, Timur"]
[Result "0-1"]
[BlackTitle "GM"]
[WhiteElo "1852"]
[BlackElo "2605"]
[WhiteFideId "5044545"]
[BlackFideId "14200937"]
[EventDate "2018.01.18"]

1. e4 e5 2. Nf3 Nc6 3. d4 exd4 4. Nxd4 Qf6 5. Be3 Bc5 6. c3 Nge7 7. Nf5 Nxf5 8.
Bxc5 d6 9. Ba3 Nh4 10. Nd2 Ne5 11. Qe2 Bg4 12. Qe3 O-O 13. f4 Qh6 14. Qg3 Qxf4
15. Qxf4 Nxg2+ 16. Bxg2 Nd3+ 17. Kf1 Nxf4 18. Bf3 Bxf3 19. Nxf3 Rfe8 20. Re1 Re6
21. Re3 Rae8 22. Nd2 d5 23. Rg1 dxe4 24. Rg4 Nd5 25. Reg3 g6 26. Rg5 c6 27. Rxd5
cxd5 28. Bc5 f5 29. Ke2 f4 30. Rg4 b6 31. Bd4 Rf8 32. a4 Rf5 33. b4 h5 34. Rg1
g5 35. h3 Rg6 36. c4 g4 37. hxg4 hxg4 38. c5 e3 39. Nf1 g3 40. cxb6 axb6 41. Kf3
Re6 42. Rg2 e2 43. Rxe2 Rxe2 44. Kxe2 f3+ 45. Ke3 g2 46. Kf2 Rf4 47. Ke1 0-1

[Event "10th Chennai Open 2018"]
[Site "Chennai IND"]
[Date "2018.01.18"]
[Round "1.2"]
[White "Rozum, Ivan"]
[Black "Patil, Harshal"]
[Result "1/2-1/2"]
[WhiteTitle "GM"]
[WhiteElo "2595"]
[BlackElo "1850"]
[WhiteFideId "24104272"]
[BlackFideId "45036756"]
[EventDate "2018.01.18"]

1. d4 Nf6 2. c4 c5 3. d5 e6 4. Nc3 exd5 5. cxd5 d6 6. e4 g6 7. Bd3 Bg7 8. h3 O-O
9. Nf3 Na6 10. O-O Nc7 11. Re1 Re8 12. a4 b6 13. Bf4 a6 14. Qd2 Bb7 15. Rab1 b5
16. axb5 axb5 17. b4 c4 18. Bc2 Qd7 19. Be3 Ra3 20. Bd4 Rea8 21. Nh2 Qd8 22. Rf1
Qf8 23. f4 Nd7 24. Nf3 Nf6 25. Kh2 R8a6 26. Rbe1 Qa8 27. Ng1 Qd8 28. Nge2 Ra8
29. Bb6 Ba6 30. Nb1 Ra2 31. Nc1 Rb2 32. Rf3 Ng4+ 33. hxg4 Rxc2 34. Qxc2 Qh4+ 35.
Rh3 Qxe1 36. Bxc7 Qxb4 37. Bb6 Bc8 38. Nc3 Bxg4 39. Re3 Ra6 40. N3a2 Qb2 41.
Qxb2 Bxb2 42. Bc7 Ba3 43. e5 b4 44. Bd8 b3 45. Nxb3 cxb3 46. Rxb3 dxe5 47. fxe5
Bf8 48. Rb8 Rxa2 49. Kg3 Bf5 50. Be7 h6 51. Rxf8+ Kg7 52. Rb8 g5 53. Bf8+ Kh7
54. Kf3 Ra4 55. d6 Rd4 56. Be7 Rd3+ 57. Ke2 Rd4 58. Bf6 Kg6 59. Rh8 Kh5 60. Bg7
Kg6 61. Bf8 Re4+ 62. Kf2 Be6 63. Rxh6+ Kf5 64. Bg7 Kg4 65. Rh3 Rd4 66. Rg3+ Kf5
67. Bf6 g4 68. Rc3 Kf4 69. g3+ Ke4 70. Re3+ Kd5 71. Bg5 Rd2+ 72. Ke1 Rd4 73. Kf2
Re4 74. Rd3+ Rd4 75. Re3 Re4 76. Bf6 Rd4 77. Re2 Rd3 78. Bg5 Rf3+ 79. Kg2 Rd3
80. Bf4 Rd1 81. Kf2 Rd3 82. Rb2 Ke4 83. Rb7 Rd4 84. Ra7 Rd3 85. Rc7 Rd4 86. Ke1
Kf3 87. Rc3+ Ke4 88. Ra3 Kd5 89. Ke2 Ke4 90. Bd2 Bc4+ 91. Ke1 Be6 92. Re3+ Kd5
93. Bc3 Re4 94. Kd2 Ra4 95. Rd3+ Kc6 96. Bd4 Bf5 97. Rc3+ Kd5 1/2-1/2

[Event "10th Chennai Open 2018"]
[Site "Chennai IND"]
[Date "2018.01.18"]
[Round "1.3"]
[White "Hari, R Chandran"]
[Black "Karthik, Venkataraman"]
[Result "0-1"]
[BlackTitle "FM"]
[WhiteElo "1795"]
[BlackElo "2476"]
[WhiteFideId "46657088"]
[BlackFideId "25006479"]
[EventDate "2018.01.18"]

1. e4 g6 2. d4 Bg7 3. Be3 c5 4. Nc3 Qa5 5. Ne2 Nf6 6. f3 d5 7. e5 Nfd7 8. f4 c4
9. g3 e6 10. Bg2 Nc6 11. O-O h5 12. h3 b5 13. f5 gxf5 14. Nf4 b4 15. Ncxd5 exd5
16. Bxd5 Bb7 17. e6 O-O-O 18. exd7+ Rxd7 19. Qf3 Qb5 20. c3 Bh6 21. Bxc6 Bxc6
22. d5 Rxd5 23. Nxd5 Bxe3+ 24. Kh2 Qxd5 25. Qxd5 Bxd5 26. Rxf5 Be6 27. Re5 Bb6
28. h4 bxc3 29. bxc3 Rd8 30. Re2 Rd3 31. Rc2 Bc7 32. Rg1 Be5 33. a4 Bxc3 34.
Rgc1 Rd2+ 35. Rxd2 Bxd2 36. Rc2 c3 37. g4 Bxg4 38. Kg3 Bf5 39. Ra2 c2 40. Rxc2+
Bxc2 0-1

[Event "10th Chennai Open 2018"]
[Site "Chennai IND"]
[Date "2018.01.18"]
[Round "1.4"]
[White "Solodovnichenko, Yuri"]
[Black "Kumthekar, Shubham"]
[Result "1-0"]
[WhiteTitle "GM"]
[WhiteElo "2571"]
[BlackElo "1825"]
[WhiteFideId "14104369"]
[BlackFideId "5061164"]
[EventDate "2018.01.18"]

1. e4 g6 2. d4 Bg7 3. Nc3 d6 4. Be3 a6 5. g4 b5 6. Bg2 Bb7 7. h4 h6 8. Qd2 Nd7
9. O-O-O Nb6 10. b3 e6 11. g5 h5 12. d5 e5 13. f4 exf4 14. Bd4 Be5 15. Nf3 Nd7
16. Bh3 Qe7 17. Nxe5 dxe5 18. Bxd7+ Kxd7 19. d6 Qe6 20. dxc7 Kxc7 21. Nd5+ Bxd5
22. exd5 Qd6 23. Qc3+ Kb7 24. Bxe5 Qa3+ 25. Kb1 Rc8 26. Qf3 1-0

[Event "10th Chennai Open 2018"]
[Site "Chennai IND"]
[Date "2018.01.18"]
[Round "1.5"]
[White "Ghelani, Dhairya"]
[Black "Tukhaev, Adam"]
[Result "0-1"]
[BlackTitle "GM"]
[WhiteElo "1822"]
[BlackElo "2570"]
[WhiteFideId "35041541"]
[BlackFideId "14109476"]
[EventDate "2018.01.18"]

1. d4 g6 2. c4 Bg7 3. Nf3 Nf6 4. Nc3 O-O 5. e4 d6 6. Be2 Nbd7 7. O-O e5 8. dxe5
dxe5 9. Be3 c6 10. Qc2 Qe7 11. Nd2 Nc5 12. Bxc5 Qxc5 13. a3 Qe7 14. b4 b6 15.
Rfd1 Ne8 16. b5 Bb7 17. bxc6 Bxc6 18. Nd5 Bxd5 19. cxd5 Nd6 20. Rac1 Bh6 21. Qd3
Rad8 22. Rc6 f5 23. exf5 e4 24. Qb3 e3 25. Nf3 exf2+ 26. Kxf2 Rxf5 27. Bf1 Re8
28. Kg1 Be3+ 29. Kh1 Bc5 30. h3 Qf6 31. Qa4 Re3 32. Rc7 Qf8 33. Qh4 Rf7 34. Rxf7
Qxf7 35. Qd8+ Re8 36. Qh4 Nf5 37. Qa4 Re4 38. Qc6 Ng3+ 39. Kh2 Qf4 40. Qc8+ Kg7
41. Bb5 Nf1+ 42. Kh1 Qh2+ 43. Nxh2 Ng3# 0-1

[Event "10th Chennai Open 2018"]
[Site "Chennai IND"]
[Date "2018.01.18"]
[Round "1.6"]
[White "Sivuk, Vitaly"]
[Black "Godson, Merlin E"]
[Result "1-0"]
[WhiteTitle "GM"]
[WhiteElo "2550"]
[BlackElo "1818"]
[WhiteFideId "14116502"]
[BlackFideId "35094114"]
[EventDate "2018.01.18"]

1. d4 d5 2. c4 c6 3. Nf3 Nf6 4. e3 a6 5. Qc2 g6 6. Bd3 Bg7 7. O-O O-O 8. Nbd2
Nbd7 9. b3 e5 10. cxd5 cxd5 11. dxe5 Ng4 12. Ba3 Re8 13. e6 Rxe6 14. Nd4 Re8 15.
Rac1 Nde5 16. Be2 Bd7 17. Qc7 Nc6 18. Qxd8 Raxd8 19. Nxc6 bxc6 20. h3 Nh6 21.
Bc5 a5 22. Nf3 Ra8 23. Bd1 Rec8 24. Re1 Bb2 25. Rc2 Bg7 26. g4 f5 27. g5 Nf7 28.
h4 Nd8 29. Bd4 Ne6 30. Bxg7 Kxg7 31. Ne5 Be8 32. Bf3 Nd8 33. Kg2 Rcb8 34. Nd3
Ne6 35. Rec1 Rb6 36. Be2 h6 37. f4 h5 38. Kf2 Ra7 39. Bf3 Ra8 40. Nb2 Rb4 41.
Rxc6 Bxc6 42. Rxc6 Nf8 43. Bxd5 Rd8 44. Rc5 Nd7 45. Rc7 Kh8 46. Nd3 Rbb8 47. Bf7
Nf8 48. Ne5 Rd2+ 49. Kf3 Rxa2 50. Bxg6 Nxg6 51. Nxg6+ Kg8 52. Ne7+ Kh8 53. Nxf5
Ra3 54. g6 Raxb3 55. Rh7+ 1-0

[Event "10th Chennai Open 2018"]
[Site "Chennai IND"]
[Date "2018.01.18"]
[Round "1.8"]
[White "Atalik, Suat"]
[Black "Thrish, Karthik"]
[Result "0-1"]
[WhiteTitle "GM"]
[WhiteElo "2538"]
[BlackElo "1811"]
[WhiteFideId "14401487"]
[BlackFideId "46626433"]
[EventDate "2018.01.18"]

1. d4 Nf6 2. c4 g6 3. Nc3 Bg7 4. e4 d6 5. Nf3 O-O 6. Be2 e5 7. O-O Nc6 8. d5 Ne7
9. Bg5 h6 10. Bxf6 Bxf6 11. b4 Bg7 12. c5 f5 13. Nd2 f4 14. Rc1 a6 15. a4 Bd7
16. a5 h5 17. cxd6 cxd6 18. Nc4 Nc8 19. Na4 Bh6 20. Rc3 Bb5 21. Nab6 Rb8 22. f3
Rf7 23. Qd2 Bxc4 24. Nxc4 Na7 25. Nb6 Nc8 26. Na4 b5 27. Nb2 Rbb7 28. Rc6 Ra7
29. Rfc1 Rfc7 30. Nd1 Ne7 31. R6c3 Rxc3 32. Qxc3 Rb7 33. Nf2 Bg7 34. g3 Qf8 35.
Bf1 fxg3 36. hxg3 h4 37. gxh4 Qf4 38. Ng4 Qg3+ 39. Bg2 Qxh4 40. Qd2 Kh7 41. Qf2
Qxf2+ 42. Kxf2 Kg8 43. Bh3 Kf8 44. Ne3 Bh6 45. Be6 Kg7 46. Ke2 Bf4 47. Kd3 Bh6
48. Rc2 Bxe3 49. Kxe3 Kf6 50. Kf2 Ra7 51. Kg3 Rb7 52. Kg4 Ra7 53. Rh2 Kg7 54.
Kg5 Rc7 55. f4 exf4 56. e5 dxe5 57. d6 Ra7 58. Rc2 f3 59. Bg4 e4 60. Kf4 Nd5+
61. Kxe4 f2 62. Bh3 Nf6+ 63. Ke5 Rf7 64. Rxf2 Ng4+ 65. Bxg4 Rxf2 66. Bc8 Kf7 67.
Bxa6 Rb2 68. Bxb5 Rxb4 69. Bc6 Rb1 70. a6 Ra1 71. Bb5 Ra5 72. d7 Ke7 73. Kd5
Rxb5+ 74. Kc6 Ra5 75. Kc7 Rd5 0-1

[Event "10th Chennai Open 2018"]
[Site "Chennai IND"]
[Date "2018.01.18"]
[Round "1.9"]
[White "Kanishk, S K"]
[Black "Pruijssers, Roeland"]
[Result "0-1"]
[BlackTitle "GM"]
[WhiteElo "1808"]
[BlackElo "2536"]
[WhiteFideId "46656480"]
[BlackFideId "1013068"]
[EventDate "2018.01.18"]

1. d4 f5 2. c4 Nf6 3. g3 g6 4. Bg2 Bg7 5. Nc3 O-O 6. Nf3 d6 7. O-O c6 8. Qc2 Na6
9. a3 Qe8 10. e4 e5 11. dxe5 dxe5 12. Qe2 f4 13. gxf4 Bg4 14. Qe3 exf4 15. Qxf4
Nc5 16. Be3 Nd3 17. Qg3 Be6 18. Rfb1 Nh5 19. Qh4 Ndf4 20. Qg5 b6 21. Bxf4 Nxf4
22. Bf1 Qf7 23. Re1 h6 24. Qh4 g5 25. Nxg5 hxg5 26. Qxg5 Nh3+ 27. Bxh3 Qxf2+ 28.
Kh1 Bxh3 29. Rad1 Qf3+ 30. Kg1 Rf4 0-1

[Event "10th Chennai Open 2018"]
[Site "Chennai IND"]
[Date "2018.01.18"]
[Round "1.10"]
[White "Karthikeyan, P."]
[Black "Rohit, S"]
[Result "1-0"]
[WhiteTitle "IM"]
[WhiteElo "2497"]
[BlackElo "1808"]
[WhiteFideId "5018226"]
[BlackFideId "46633847"]
[EventDate "2018.01.18"]

1. Nf3 c5 2. c4 Nc6 3. Nc3 Nf6 4. g3 g6 5. Bg2 Bg7 6. O-O O-O 7. d4 d5 8. dxc5
dxc4 9. Qa4 Nd5 10. Bd2 Nxc3 11. Bxc3 Bxc3 12. bxc3 Qa5 13. Qxc4 Be6 14. Qh4
Qxc5 15. Ng5 h5 16. Nxe6 fxe6 17. Rab1 Rab8 18. Qe4 Rf6 19. e3 Na5 20. Qd4 Qxd4
21. cxd4 Rc8 22. Rfc1 Rff8 23. Rxc8 Rxc8 24. Bxb7 Rc7 25. Be4 Kf7 26. Rb5 Nc4
27. Rc5 Rxc5 28. dxc5 g5 29. c6 Nd6 30. c7 1-0

[Event "10th Chennai Open 2018"]
[Site "Chennai IND"]
[Date "2018.01.18"]
[Round "1.11"]
[White "Anup, Shankar R"]
[Black "Nguyen, Duc Hoa"]
[Result "1/2-1/2"]
[BlackTitle "GM"]
[WhiteElo "1805"]
[BlackElo "2490"]
[WhiteFideId "25040359"]
[BlackFideId "12401358"]
[EventDate "2018.01.18"]

1. e4 c6 2. c4 g6 3. Nc3 Bg7 4. d4 d6 5. Be3 Nf6 6. f3 O-O 7. Bd3 a6 8. a4 a5 9.
Nge2 Na6 10. O-O Nb4 11. Bb1 Nd7 12. Na2 c5 13. Nxb4 axb4 14. Qd2 Qc7 15. b3 b6
16. Bc2 e6 17. Rad1 Nb8 18. Bh6 Nc6 19. Bxg7 Kxg7 20. f4 e5 21. d5 Nd4 22. Nxd4
exd4 23. f5 f6 24. Rf3 Qe7 25. Rh3 gxf5 26. exf5 Re8 27. Rf1 Kh8 28. Bd1 Qe5 29.
Qh6 Bxf5 30. Rh5 Qe3+ 31. Qxe3 dxe3 32. Rhxf5 e2 33. Bxe2 Rxe2 34. Rxf6 Rg8 35.
g3 Rd8 36. Rf8+ Rxf8 37. Rxf8+ Kg7 38. Rd8 Re3 39. Rxd6 Rxb3 40. Rxb6 Rc3 41. a5
Rxc4 42. a6 Rc2 43. a7 Ra2 44. Rb7+ Kf6 45. d6 c4 46. d7 Ke7 47. Rxb4 Rxa7 48.
Rxc4 Rxd7 49. Rf4 Ke6 50. Kg2 Rd2+ 51. Kh3 Ra2 52. Rf3 Rb2 53. g4 Rb5 54. Kh4
Ra5 55. h3 Ke7 56. Rf5 Ra6 57. Rh5 h6 58. Rf5 Ra3 59. Rh5 Ra6 60. Rb5 Kf7 61.
Kh5 Kg7 62. Rb7+ Kg8 63. Rd7 Rb6 64. h4 Ra6 65. Rd8+ Kg7 66. Rd7+ Kg8 1/2-1/2

[Event "10th Chennai Open 2018"]
[Site "Chennai IND"]
[Date "2018.01.18"]
[Round "1.12"]
[White "Horvath, Adam1"]
[Black "Sanjay, Thiruvengadam"]
[Result "1-0"]
[WhiteTitle "GM"]
[WhiteElo "2484"]
[BlackElo "1801"]
[WhiteFideId "708003"]
[BlackFideId "25059963"]
[EventDate "2018.01.18"]

1. e4 c5 2. Nf3 e6 3. d4 cxd4 4. Nxd4 a6 5. Bd3 Nc6 6. Nxc6 dxc6 7. O-O e5 8.
Nd2 Be6 9. Qh5 Qc7 10. Nc4 Bxc4 11. Bxc4 Nf6 12. Qf5 h6 13. Be3 b5 14. Bb3 c5
15. c4 Bd6 16. Rad1 Qe7 17. Rd3 Rd8 18. Rfd1 Bc7 19. Rxd8+ Bxd8 20. Qc8 Qc7 21.
Qxa6 O-O 22. cxb5 Ng4 23. Qc6 Nxe3 24. Qxc7 Bxc7 25. Rd7 c4 26. Rxc7 cxb3 27. a4
Nd1 28. b6 Rb8 29. a5 Nxb2 30. a6 Na4 31. a7 Rd8 32. a8=Q Rxa8 33. b7 Rb8 34.
Rc8+ Kh7 35. Rxb8 Kg6 36. Rd8 Nc3 37. b8=Q Nxe4 38. Qxb3 Ng5 39. h4 Ne6 40. Rd6
Kf6 41. Rxe6+ fxe6 42. h5 Kf7 43. Qg3 Kg8 44. Qg6 e4 45. g4 Kh8 46. Qxe6 e3 47.
fxe3 Kh7 48. Qe8 g5 49. hxg6+ Kg7 50. Qf7+ Kh8 51. Qh7# 1-0

[Event "10th Chennai Open 2018"]
[Site "Chennai IND"]
[Date "2018.01.18"]
[Round "1.13"]
[White "Lakshmi, C"]
[Black "Tiviakov, Sergei"]
[Result "0-1"]
[WhiteTitle "WFM"]
[BlackTitle "GM"]
[WhiteElo "1836"]
[BlackElo "2584"]
[WhiteFideId "25035347"]
[BlackFideId "1008013"]
[EventDate "2018.01.18"]

1. e4 d5 2. exd5 Qxd5 3. Nc3 Qd6 4. d4 c6 5. Nf3 Bg4 6. Be2 Nf6 7. Be3 e6 8. h3
Bh5 9. Qd2 Qc7 10. g4 Bg6 11. Ne5 Nbd7 12. f4 Bb4 13. Bf3 Nxe5 14. fxe5 Nd5 15.
Bf2 Qa5 16. Bxd5 cxd5 17. O-O Rc8 18. Be1 h5 19. g5 Rc4 20. Kh2 Bxc3 21. bxc3
Ra4 22. Qe2 O-O 23. a3 Rc8 24. Rb1 b6 25. Rb2 Rxa3 26. Qf2 Qa6 27. Bd2 Ra2 28.
Bc1 Rxc3 29. Kg1 Rxb2 30. Bxb2 Rxc2 31. Qe3 Rxb2 32. Qc3 Qe2 33. Qg3 h4 34. Qf2
Qxf2+ 35. Rxf2 Rxf2 36. Kxf2 a5 37. Ke3 a4 38. Kd2 Bf5 39. Kc3 Bxh3 40. Kb4 Bf1
41. Kxa4 h3 42. Kb4 h2 43. Ka4 h1=Q 44. Kb3 Qf3+ 45. Kb4 Bc4 46. g6 Qb3# 0-1

[Event "10th Chennai Open 2018"]
[Site "Chennai IND"]
[Date "2018.01.18"]
[Round "1.14"]
[White "Deepan, Chakkravarthy J."]
[Black "Samdani, Sahil Sagar"]
[Result "1-0"]
[WhiteTitle "GM"]
[WhiteElo "2475"]
[BlackElo "1794"]
[WhiteFideId "5011132"]
[BlackFideId "35067516"]
[EventDate "2018.01.18"]

1. Nf3 d5 2. g3 Nf6 3. Bg2 c5 4. O-O Nc6 5. d4 e6 6. c4 cxd4 7. Nxd4 Be7 8. Nc3
O-O 9. cxd5 Nxd5 10. Nxd5 exd5 11. Bf4 Bf6 12. Nxc6 bxc6 13. Qc2 Qb6 14. Rab1
Be6 15. Bd6 Rfe8 16. Bc5 Qa6 17. b4 Bg4 18. e4 Be2 19. exd5 cxd5 20. Bxd5 Bxf1
21. Rxf1 Rac8 22. Qb3 Rc7 23. a4 Qc8 24. a5 Rd8 25. Be3 Qf5 26. Bg2 Qb5 27. Rb1
Rc3 28. Qa2 Qf5 29. Rf1 Qb5 30. Bxa7 Qxb4 31. Bb6 Ra3 32. Qc2 Rf8 33. Bc5 Qxa5
34. Bxf8 Kxf8 35. Qxh7 Ra1 36. h4 Rxf1+ 37. Bxf1 Qd2 38. Qf5 Qd4 39. Bd3 g6 40.
Qf3 Kg7 41. Be4 Qe5 42. Kg2 Be7 43. Bd5 Qf6 44. Qb3 Bc5 45. Qa2 Bb6 46. Bf3 Qe5
47. Qc2 Qc5 48. Qe2 Kh6 49. Be4 Kg7 50. Qf3 Qd4 51. Bd5 Qf6 52. Qe2 Bd4 53. Bf3
Qe5 54. Qd1 Qc5 55. Qd2 Qc3 56. Qf4 Be5 57. Qg4 Qd2 58. h5 Bd4 59. Be2 Bf6 60.
hxg6 fxg6 61. Bc4 Qd4 62. Qe6 Qe5 63. Qf7+ Kh6 64. Bd3 Qg5 65. f4 1-0

[Event "10th Chennai Open 2018"]
[Site "Chennai IND"]
[Date "2018.01.18"]
[Round "1.15"]
[White "Navaratnam, Rohan Shan Tze"]
[Black "Khusenkhojaev, Muhammad"]
[Result "0-1"]
[BlackTitle "IM"]
[WhiteElo "1793"]
[BlackElo "2462"]
[WhiteFideId "5727413"]
[BlackFideId "14700247"]
[EventDate "2018.01.18"]

1. d4 Nf6 2. Nf3 g6 3. g3 b6 4. Bg2 Bb7 5. c4 Bg7 6. O-O O-O 7. Nc3 Ne4 8. Qc2
Nxc3 9. Qxc3 c5 10. Be3 d6 11. Qd2 Re8 12. Bh6 Bf6 13. d5 b5 14. cxb5 a6 15.
bxa6 Rxa6 16. a3 Nd7 17. e4 Rb6 18. Rab1 Ba6 19. Rfe1 Rb3 20. Re3 Qb6 21. Bh3
Ne5 22. Nxe5 Bxe5 23. Rxb3 Qxb3 24. Bf1 Bxf1 25. Kxf1 Rb8 26. Bg5 f6 27. Be3
Qc4+ 28. Kg1 Qxe4 29. Qd1 Rxb2 30. Rxb2 Bxb2 31. Qb3 Bd4 32. a4 Bxe3 33. Qxe3
Qxa4 34. Qxe7 Qd1+ 35. Kg2 Qxd5+ 36. Kg1 Qe5 37. Qc7 g5 38. h3 h5 39. g4 hxg4
40. hxg4 Qe6 41. f3 c4 42. Kf1 d5 43. Kf2 Kf8 44. f4 Qxg4 45. Qc8+ Qxc8 0-1

[Event "10th Chennai Open 2018"]
[Site "Chennai IND"]
[Date "2018.01.18"]
[Round "1.16"]
[White "Czebe, Attila"]
[Black "Yuvan, Bharathi K S"]
[Result "1-0"]
[WhiteTitle "GM"]
[WhiteElo "2458"]
[BlackElo "1792"]
[WhiteFideId "705268"]
[BlackFideId "5060842"]
[EventDate "2018.01.18"]

1. d4 Nf6 2. c4 e6 3. Nf3 b6 4. Nc3 Bb7 5. Bg5 Be7 6. e3 O-O 7. Bd3 d5 8. O-O
Nbd7 9. Rc1 c5 10. cxd5 cxd4 11. Nxd4 Nxd5 12. Bxe7 Qxe7 13. Nxd5 Bxd5 14. e4
Bb7 15. Rc7 Bc8 16. e5 Qe8 17. Be4 Rb8 18. Nc6 h6 19. Bf3 Kh8 20. Nxb8 Nxb8 21.
Rxa7 Qb5 22. Qd6 Kg8 23. Rd1 1-0

[Event "10th Chennai Open 2018"]
[Site "Chennai IND"]
[Date "2018.01.18"]
[Round "1.17"]
[White "Tarimo, Didik Widiarso"]
[Black "Visakh, N R"]
[Result "0-1"]
[BlackTitle "IM"]
[WhiteElo "1791"]
[BlackElo "2457"]
[WhiteFideId "7105878"]
[BlackFideId "25012223"]
[EventDate "2018.01.18"]

1. d4 Nf6 2. Bg5 g6 3. Nf3 Bg7 4. Nbd2 O-O 5. e3 d6 6. Be2 Nbd7 7. O-O e5 8. c3
Qe7 9. Qc2 Re8 10. h3 h6 11. Bh4 e4 12. Ne1 g5 13. Bg3 Nf8 14. c4 Ng6 15. Nb1
Bf5 16. Qd1 Qd7 17. Nc3 g4 18. hxg4 Bxg4 19. Rc1 h5 20. b4 h4 21. Bh2 Bxe2 22.
Qxe2 Ng4 23. b5 f5 24. Nd5 c6 25. Nc3 Kh7 26. bxc6 bxc6 27. Nd1 Bh6 28. c5 d5
29. Bd6 Re6 30. Bh2 Rg8 31. Rb1 Nxh2 32. Kxh2 f4 33. Qh5 Rf6 34. Rb3 Rg7 35. Qe2
f3 0-1

[Event "10th Chennai Open 2018"]
[Site "Chennai IND"]
[Date "2018.01.18"]
[Round "1.18"]
[White "Dzhumaev, Marat"]
[Black "Nitin, Shankar Madhu"]
[Result "1-0"]
[WhiteTitle "GM"]
[WhiteElo "2434"]
[BlackElo "1789"]
[WhiteFideId "14200236"]
[BlackFideId "35017446"]
[EventDate "2018.01.18"]

1. e4 e5 2. Bc4 Nc6 3. Nc3 Bc5 4. d3 d6 5. Na4 Bb6 6. c3 Be6 7. Bb5 a6 8. Nxb6
cxb6 9. Ba4 d5 10. Nf3 Qc7 11. O-O O-O-O 12. Qe2 dxe4 13. dxe4 Na5 14. Re1 Bc4
15. Qe3 Rd3 16. Qg5 f6 17. Qg3 Be6 18. Bc2 Rd7 19. Nh4 g5 20. Nf5 Ne7 21. Nxe7+
Rxe7 22. b3 Rd8 23. Ba3 Ree8 24. Rad1 Rxd1 25. Rxd1 Rd8 26. Qf3 Rxd1+ 27. Bxd1
Qf7 28. h3 Nc6 29. Be2 Nb8 30. Qe3 Qc7 31. Qf3 Qf7 32. Bd6 Nd7 33. Qe3 Qe8 34.
Qd3 Nb8 35. Ba3 Qd8 36. Qf3 Nd7 37. Qh5 Qg8 38. h4 gxh4 39. Qxh4 Qg7 40. Bc1 Qg6
41. Be3 Nc5 42. f3 Nd7 43. c4 Kc7 44. Qf2 Qf7 45. Bxb6+ Nxb6 46. Qc5+ Kb8 47.
Qxb6 Bd7 48. c5 Kc8 49. Bc4 Qg7 50. Bd5 Bb5 51. a4 Qg3 52. Qxb7+ Kd8 53. Qb6+
Kd7 54. c6+ Ke8 55. Qb8+ Ke7 56. Qc7+ Kf8 57. Qf7# 1-0

[Event "10th Chennai Open 2018"]
[Site "Chennai IND"]
[Date "2018.01.18"]
[Round "1.19"]
[White "Thaga, Sheriff M"]
[Black "Laxman, R.R."]
[Result "0-1"]
[BlackTitle "GM"]
[WhiteElo "1789"]
[BlackElo "2434"]
[WhiteFideId "46635637"]
[BlackFideId "5005361"]
[EventDate "2018.01.18"]

1. d4 Nf6 2. c4 e6 3. a3 d5 4. Nc3 c6 5. Bg5 dxc4 6. e4 b5 7. e5 h6 8. Bxf6 gxf6
9. g3 fxe5 10. dxe5 Qxd1+ 11. Rxd1 Bb7 12. Bg2 a6 13. Ne4 Be7 14. Ne2 Nd7 15. f4
O-O-O 16. N2c3 Nc5 17. Nxc5 Bxc5 18. Ne4 Be7 19. Ke2 c5 20. Ke3 Rxd1 21. Rxd1
Rd8 22. Rxd8+ Kxd8 23. Bf3 Bd5 24. h4 a5 25. h5 b4 26. g4 c3 27. Kd3 cxb2 28.
Kc2 bxa3 29. g5 Bb3+ 30. Kb1 Bc4 31. Nf2 Ke8 32. gxh6 Kf8 33. Be4 f5 34. Bc2 Be2
35. Nh3 Bxh5 36. Ng5 Bxg5 37. fxg5 Bf3 0-1

[Event "10th Chennai Open 2018"]
[Site "Chennai IND"]
[Date "2018.01.18"]
[Round "1.20"]
[White "Nitin, S."]
[Black "Afzal, Kazi Md. Mahbub"]
[Result "1-0"]
[WhiteTitle "IM"]
[WhiteElo "2422"]
[BlackElo "1779"]
[WhiteFideId "5018277"]
[BlackFideId "10201530"]
[EventDate "2018.01.18"]

1. e4 e5 2. Nf3 Nc6 3. Nc3 Bc5 4. Nxe5 Bxf2+ 5. Kxf2 Nxe5 6. d4 Nc6 7. Be3 d6 8.
Be2 Qh4+ 9. g3 Qd8 10. Kg2 Nf6 11. Rf1 h6 12. Bf3 a6 13. Qe2 O-O 14. Rae1 Nh7
15. Bg4 Ne7 16. Bxc8 Qxc8 17. a4 c6 18. a5 f5 19. Bf4 Qd7 20. e5 dxe5 21. Qc4+
Kh8 22. dxe5 Rad8 23. e6 Qc8 24. Na4 c5 25. Qxc5 Rfe8 26. Re2 Qc6+ 27. Qxc6 Nxc6
28. Bc7 Rd4 29. Nc3 g6 30. Rfe1 Kg7 31. Bb6 Rc4 32. Nd5 Nf6 33. Nxf6 Kxf6 34. b3
Re4 35. Rxe4 fxe4 36. Rxe4 Rxe6 37. Rxe6+ Kxe6 38. Kf3 Nb4 39. c3 Nd3 40. Ke4
Ne5 41. Bd4 Nc6 42. b4 g5 43. g4 Ne7 44. c4 Ng6 45. Bg7 Ne7 46. Bxh6 Kf6 47. Bf8 1-0

[Event "10th Chennai Open 2018"]
[Site "Chennai IND"]
[Date "2018.01.19"]
[Round "2.1"]
[White "Gareyev, Timur"]
[Black "Mrudul, Dehankar"]
[Result "1-0"]
[WhiteTitle "GM"]
[BlackTitle "WCM"]
[WhiteElo "2605"]
[BlackElo "2098"]
[WhiteFideId "14200937"]
[BlackFideId "25096990"]
[EventDate "2018.01.18"]

1. Nf3 Nf6 2. c4 e6 3. Nc3 Bb4 4. g4 h6 5. Rg1 b6 6. h4 Bb7 7. g5 hxg5 8. hxg5
Ne4 9. Qc2 Nxc3 10. bxc3 Bd6 11. d4 Qe7 12. e4 e5 13. c5 bxc5 14. d5 c4 15. Rb1
Bc8 16. Nd2 Bc5 17. Nxc4 g6 18. Be3 Na6 19. Qd2 Kf8 20. d6 cxd6 21. Bxc5 dxc5
22. Nd6 Nc7 23. Bc4 Rh7 24. Qd3 a5 25. Rb6 Ne8 26. Qd5 Qd8 27. Qxc5 Nxd6 28. Bd5
Ra7 29. Rxd6 Rc7 30. Qxa5 Ke7 31. Qb4 Ke8 32. Rf6 Qe7 33. Qb3 d6 1-0

[Event "10th Chennai Open 2018"]
[Site "Chennai IND"]
[Date "2018.01.19"]
[Round "2.2"]
[White "Tiviakov, Sergei"]
[Black "Bala, Kannamma P"]
[Result "1-0"]
[WhiteTitle "GM"]
[WhiteElo "2584"]
[BlackElo "2077"]
[WhiteFideId "1008013"]
[BlackFideId "5081432"]
[EventDate "2018.01.18"]

1. e4 c5 2. Nf3 e6 3. c3 Nf6 4. e5 Nd5 5. Bc4 Nb6 6. Bb3 d6 7. exd6 Bxd6 8. d4
cxd4 9. Qxd4 O-O 10. O-O Nc6 11. Qe4 h6 12. a4 Nd7 13. Bc2 Nf6 14. Qe2 e5 15.
Nbd2 Qe7 16. Rd1 Be6 17. Nf1 Rad8 18. Ng3 Bb8 19. Re1 Nd5 20. Nf5 Qf6 21. Qe4
Bxf5 22. Qxf5 Qxf5 23. Bxf5 Nf4 24. Bxf4 exf4 25. Be4 Rd6 26. Rad1 Rxd1 27. Rxd1
Rd8 28. Re1 Kf8 29. Bxc6 bxc6 30. Kf1 c5 31. Ke2 g5 32. Nd2 f5 33. Nb3 Bd6 34.
Kd3 f3 35. gxf3 Bxh2+ 36. Kc4 Bf4 37. Nxc5 Kf7 38. b4 h5 39. Rh1 h4 40. Nd3 Bd2
41. Ne5+ Kf6 42. Nc6 Rd7 43. b5 Rh7 44. a5 h3 45. a6 g4 46. b6 axb6 47. a7 b5+
48. Kd3 1-0